00405nam a2200181Ia 4500003000900000008004100009040001300050040001300063041000800076100002500084245004900109250001000158260001700168260000900185300001100194300001200205490000600217IT-RoPAU120407s9999 xx 000 0 und d aIT-RoPAU cIT-RoPAU afra aPaul-Louis Landsberg aEssai sur l’experience de la mort suicide. aParis aEd. Du Seuil c1951 a156 p. c18,5 cm v1